Психология и методика ускоренного обучения

Detaylı Bibliyografya
Yazar: Бадмаев Б. Ц. Борис Циренович
Dil:Rusça
Baskı/Yayın Bilgisi: Москва, Владос, 1998
Konular:
Materyal Türü: MixedMaterials Kitap
KOHA link:https://koha.lib.tpu.ru/cgi-bin/koha/opac-detail.pl?biblionumber=14561

MARC

LEADER 00000nam0a2200000 4500
001 14561
005 20231030185731.0
010 |a 5691001027 
035 |a (RuTPU)RU\TPU\book\14656 
035 |a BOOK00000101 
090 |a 14561 
100 |a 20011209d1998 m y0rusy50 ca 
101 0 |a rus 
102 |a RU 
105 |a y z 000zy 
200 1 |a Психология и методика ускоренного обучения  |f Б. Ц. Бадмаев 
210 |a Москва  |c Владос  |d 1998 
215 |a 272 с. 
610 1 |a психология 
610 1 |a педагогика 
610 1 |a ускоренное обучение 
610 1 |a деятельность 
686 |a Ю940  |v LBC/SL-A  |2 rubbk 
700 1 |a Бадмаев  |b Б. Ц.  |g Борис Циренович 
801 0 |a RU  |b 63413507  |c 20011209  |g PSBO 
801 2 |a RU  |b 63413507  |c 20120403  |g PSBO 
942 |c BK